000 00999nam a2200325 a 4500
001 vtls000195841
003 NLI
005 20210602113028.0
008 101125s1974 nyua 001 0 eng
020 _a0155640046 :
_cUSD 10.95
039 9 _y201011252321
_zVLOAD
040 0 _aNLI
_beng
_cDatasoft 1
_eAACR2
041 0 _aeng
044 _anyu
082 0 4 _a332.4973
100 1 _aKlein, John J.,
_d1929-
_9374424
245 1 0 _aMoney and the economy /
_cJohn J. Klein
250 _a3rd ed.
260 _aNew York :
_bHarcourt Brace Jovanovich,
_c1974
300 _axviii, 556 p. :
_bill. ;
_c24 cm.
500 _aIncludes index
650 0 _aMonetary policy
_zUnited states
_9212713
650 0 _aMoney
887 _a
901 _a417128
_b3.3.1975
902 _aE 332.4973 K 672
942 _2ddc
_cBKS
949 _AVIRTUAITEM
_D10000
_X100
_6PUR000417128ENG
999 _aVIRTUA40
_c200049
_d200049
999 _aVTLSSORT0080*0200*0400*0410*0440*0820*1000*2450*2500*2600*3000*5000*6500*6501*9010*9020*9490*9991